Decisive Battles of the Western World (Record no. 185088)

000 -LEADER
fixed length control field 01564 a2200169 4500
003 - CONTROL NUMBER IDENTIFIER
control field Nust
005 - DATE AND TIME OF LATEST TRANSACTION
control field 20230316124711.0
040 ## - CATALOGING SOURCE
Transcribing agency Nust
082 ## - DEWEY DECIMAL CLASSIFICATION NUMBER
Classification number 355.009, FUL
100 ## - MAIN ENTRY--PERSONAL NAME
Personal name Fuller J. F. .C
9 (RLIN) 37121
245 ## - TITLE STATEMENT
Title Decisive Battles of the Western World
Statement of responsibility, etc. J.F.C Fulleer
260 ## - PUBLICATION, DISTRIBUTION, ETC.
Place of publication, distribution, etc. London
Name of publisher, distributor, etc. Eyre & Spottiswoode
300 ## - PHYSICAL DESCRIPTION
Extent 601:p
505 ## - FORMATTED CONTENTS NOTE
Formatted contents note The Industrial Revolution and The Rise of American Imperialism (Page-1),The Seven Days Battle ,1862) (Page-12), Progress of the American Civil War, 1862-1863 (Page-48), The Siege of Vicks burg and the Battle of Chattanooga ,1863)(Page-53), The Expansion of Prussia (Page-90), The Battle of Sedan , 1870 (Page-99), The Rise of Japanese Imperialism and the Ex-Pension of Russia in the Far East (Page-136), The Siege of Port Arthur , 1904-1905 (Page-142), The Foundation of the First World War (Page-171), The Battles Of the Marne and Tannenberg,1914(Page-182), Tactical Stalemate and Change of Objectives (Page-229), The Battles of Sari Bair and Suvla Bay , 1915 (Page-233), Progress of the War , 1915-1918 (Page-265), The Struggle Between Italy and Austria (Page-300), The Russian Revolution (Page-331), The Rise of The Third Reich and the Origins of the Second World War(Page-364), The Battles for Moscow (Page-420), The Battle of Midway Island , 1942 (Page-460), The battles of El Alamein , 1942-and Tunis,1943 (Page-484), The Battle of Stalingrad, 1942-1943 (Page-524), The Battle of Normandy ,1944 (Page-553), The Battle for Leyte Gulf,1944(Page-579).
650 ## - SUBJECT ADDED ENTRY--TOPICAL TERM
Topical term or geographic name entry element Decisive Battles
9 (RLIN) 110429
942 ## - ADDED ENTRY ELEMENTS (KOHA)
Source of classification or shelving scheme
Koha item type Book
Holdings
Withdrawn status Lost status Source of classification or shelving scheme Damaged status Not for loan Permanent Location Current Location Shelving location Date acquired Full call number Barcode Date last seen Price effective from Koha item type Public note
          Military College of Signals (MCS) Military College of Signals (MCS) General Stacks 12/12/2016 355.009,FUL MCS29353 12/08/2016 12/12/2016 Book Almirah No.51, Shelf No.3
          Military College of Signals (MCS) Military College of Signals (MCS) General Stacks 12/12/2016 355.009,FUL MCS29356 12/08/2016 12/12/2016 Book Almirah No.51, Shelf No.3
© 2023 Central Library, National University of Sciences and Technology. All Rights Reserved.